Bugtong / (Record no. 292338)
[ view plain ]
| 000 -LEADER | |
|---|---|
| fixed length control field | 00819nam a2200265Ia 4500 |
| 008 - FIXED-LENGTH DATA ELEMENTS--GENERAL INFORMATION | |
| fixed length control field | 160319s9999 xx 000 0 und d |
| 020 ## - INTERNATIONAL STANDARD BOOK NUMBER | |
| International Standard Book Number | 9718957065 |
| 050 ## - LIBRARY OF CONGRESS CALL NUMBER | |
| Classification number | Fil 398.6 |
| 050 ## - LIBRARY OF CONGRESS CALL NUMBER | |
| Item number | S237b 2000 |
| 100 ## - MAIN ENTRY--PERSONAL NAME | |
| Personal name | Santos, John F.R.L. |
| 245 ## - TITLE STATEMENT | |
| Title | Bugtong / |
| 245 ## - TITLE STATEMENT | |
| Statement of responsibility, etc | John F.R.L. Santos, Karmina D. Torres ; Florentino C. Torres, editor. |
| 260 ## - PUBLICATION, DISTRIBUTION, ETC. (IMPRINT) | |
| Place of publication, distribution, etc | Quezon City : |
| 260 ## - PUBLICATION, DISTRIBUTION, ETC. (IMPRINT) | |
| Name of publisher, distributor, etc | Aklat Ani Pub. and Educational Trading Center. |
| 260 ## - PUBLICATION, DISTRIBUTION, ETC. (IMPRINT) | |
| Date of publication, distribution, etc | 2005 |
| 300 ## - PHYSICAL DESCRIPTION | |
| Extent | 143, [4] pages : |
| 300 ## - PHYSICAL DESCRIPTION | |
| Other physical details | illustrations ; |
| 300 ## - PHYSICAL DESCRIPTION | |
| Dimensions | 21 cm. |
| 500 ## - GENERAL NOTE | |
| General note | Includes bibliographical sources. |
| 650 ## - SUBJECT ADDED ENTRY--TOPICAL TERM | |
| Topical term or geographic name as entry element | Folklore |
| 650 ## - SUBJECT ADDED ENTRY--TOPICAL TERM | |
| Topical term or geographic name as entry element | Philippine drama (Filipino) |
| 650 ## - SUBJECT ADDED ENTRY--TOPICAL TERM | |
| Topical term or geographic name as entry element | Riddles |
| 700 ## - ADDED ENTRY--PERSONAL NAME | |
| Personal name | Torres, Florentino C., editor |
| 700 ## - ADDED ENTRY--PERSONAL NAME | |
| Personal name | Torres, Karmina D., Joint Author |
| Withdrawn status | Lost status | Damaged status | Home library | Current library | Shelving location | Date acquired | Total Checkouts | Full call number | Barcode | Date last seen | Price effective from | Koha item type |
|---|---|---|---|---|---|---|---|---|---|---|---|---|
| Stonyhurst Southville International School (Batangas) | Stonyhurst Southville International School (Batangas) | Filipiniana Section | 03/19/2016 | Fil 398.6 S237b 2000 | LS 0307 | 03/19/2016 | 03/19/2016 | Books |